Statistics for Countries by Biggest "Saint" City - Click Quiz

Click here to take the quiz!

General Stats

  • This quiz has been taken 367 times
  • The average score is 13 of 15

Answer Stats

HintAnswer% Correct
São PauloBrazil
98%
San SalvadorEl Salvador
98%
Saint PetersburgRussia
97%
SantiagoChile
96%
San MarinoSan Marino
95%
San AntonioUnited States
93%
Santo DomingoDominican Republic
92%
San JoséCosta Rica
89%
Santa Cruz de TenerifeSpain
86%
Saint-EtienneFrance
85%
Saint John'sAntigua and Barbuda
79%
Sankt IngbertGermany
70%
Saint GallSwitzerland
70%
Saint-JérômeCanada
56%
Saint George'sGrenada
51%

Score Distribution

Percentile by Number Answered

Percent of People with Each Score

Your Score History

You have not taken this quiz